<?xml version='1.0' encoding='UTF-8'?>
  <record xmlns="http://www.loc.gov/MARC21/slim">
    <leader>00000cem a2200000 i 4500</leader>
    <controlfield tag="001">ocn980571185</controlfield>
    <controlfield tag="003">OCoLC</controlfield>
    <controlfield tag="005">20250505153713.5</controlfield>
    <controlfield tag="008">091106s1659    ne        a     0   lat d</controlfield>
    <datafield tag="040" ind1=" " ind2=" ">
      <subfield code="a">QGJ</subfield>
      <subfield code="b">dut</subfield>
      <subfield code="c">QGJ</subfield>
      <subfield code="d">OCLCL</subfield>
      <subfield code="d">OCLCQ</subfield>
    </datafield>
    <datafield tag="035" ind1=" " ind2=" ">
      <subfield code="a">(OCoLC)980571185</subfield>
    </datafield>
    <datafield tag="041" ind1="0" ind2=" ">
      <subfield code="a">lat</subfield>
      <subfield code="a">dut</subfield>
    </datafield>
    <datafield tag="084" ind1=" " ind2=" ">
      <subfield code="a">74.19</subfield>
      <subfield code="2">bcl</subfield>
    </datafield>
    <datafield tag="245" ind1="0" ind2="0">
      <subfield code="a">Holy Iland ;</subfield>
      <subfield code="b">Garnsey ; Farne ; Iarsey.</subfield>
    </datafield>
    <datafield tag="246" ind1="1" ind2=" ">
      <subfield code="a">Garnsey</subfield>
    </datafield>
    <datafield tag="246" ind1="1" ind2=" ">
      <subfield code="a">Farne</subfield>
    </datafield>
    <datafield tag="246" ind1="1" ind2=" ">
      <subfield code="a">Iarsey</subfield>
    </datafield>
    <datafield tag="255" ind1=" " ind2=" ">
      <subfield code="a">Diverse schalen.</subfield>
    </datafield>
    <datafield tag="264" ind1=" " ind2="1">
      <subfield code="a">[Amstelodami] :</subfield>
      <subfield code="b">[apud Joannem Janssonium],</subfield>
      <subfield code="c">[ca. 1659]</subfield>
    </datafield>
    <datafield tag="300" ind1=" " ind2=" ">
      <subfield code="a">4 krt. op 1 bl. :</subfield>
      <subfield code="b">kopergrav. ;</subfield>
      <subfield code="c">totaal 39 x 49 cm</subfield>
    </datafield>
    <datafield tag="336" ind1=" " ind2=" ">
      <subfield code="a">cartografische afbeelding</subfield>
      <subfield code="b">cri</subfield>
      <subfield code="2">rdacontent/dut</subfield>
    </datafield>
    <datafield tag="337" ind1=" " ind2=" ">
      <subfield code="a">zonder medium</subfield>
      <subfield code="b">n</subfield>
      <subfield code="2">rdamedia/dut</subfield>
    </datafield>
    <datafield tag="338" ind1=" " ind2=" ">
      <subfield code="a">vel</subfield>
      <subfield code="b">nb</subfield>
      <subfield code="2">rdacarrier/dut</subfield>
    </datafield>
    <datafield tag="500" ind1=" " ind2=" ">
      <subfield code="a">Vermoedelijk verschenen in: Nieuwen atlas ofte weereldt-beschrijvinghe, vertoonende Groot Britannien, vervattende de koninghrycken van Engelandt, Schotlandt ende Yrlandt. - Dl. 4 - Amstelodami : apud Joannem Janssonium, 1659.</subfield>
    </datafield>
    <datafield tag="500" ind1=" " ind2=" ">
      <subfield code="a">Verso: Nederlandse tekst.</subfield>
    </datafield>
    <datafield tag="500" ind1=" " ind2=" ">
      <subfield code="a">Schalen: Holy Iland: [ca. 1:35.000]; Garnsey: [ca. 1:190.000]; Farne: [ca. 1:160.000]; Iarsey: [ca. 1:150.000].</subfield>
    </datafield>
    <datafield tag="500" ind1=" " ind2=" ">
      <subfield code="a">Met 2 schaalstokken (perticas / Holy Island); (Milliaria Anglica / Garnsey; Farne; Iarsey).</subfield>
    </datafield>
    <datafield tag="510" ind1="0" ind2=" ">
      <subfield code="a">Krogt, P. van der, KAN 1:[5700:1.C], 1:434/36 (1647-1659 Dutch)</subfield>
    </datafield>
    <datafield tag="651" ind1=" " ind2="4">
      <subfield code="a">Lindisfarne.</subfield>
    </datafield>
    <datafield tag="651" ind1=" " ind2="7">
      <subfield code="a">Holy Island.</subfield>
      <subfield code="0">(NL-LeOCL)238481662.</subfield>
      <subfield code="2">gtt</subfield>
    </datafield>
    <datafield tag="651" ind1=" " ind2="7">
      <subfield code="a">Guernsey.</subfield>
      <subfield code="0">(NL-LeOCL)095947353.</subfield>
      <subfield code="2">gtt</subfield>
    </datafield>
    <datafield tag="651" ind1=" " ind2="7">
      <subfield code="a">Northumberland.</subfield>
      <subfield code="0">(NL-LeOCL)095956050.</subfield>
      <subfield code="2">gtt</subfield>
    </datafield>
    <datafield tag="651" ind1=" " ind2="7">
      <subfield code="a">Jersey.</subfield>
      <subfield code="0">(NL-LeOCL)095949542.</subfield>
      <subfield code="2">gtt</subfield>
    </datafield>
    <datafield tag="655" ind1=" " ind2="7">
      <subfield code="a">Kaarten (vorm)</subfield>
      <subfield code="0">(NL-LeOCL)088143554.</subfield>
      <subfield code="2">gtt</subfield>
    </datafield>
    <datafield tag="700" ind1="1" ind2=" ">
      <subfield code="a">Janssonius, Johannes,</subfield>
      <subfield code="d">1588-1664.</subfield>
      <subfield code="1">https://id.oclc.org/worldcat/entity/E39PBJhX8VdtmhXcPm89McqbBP</subfield>
    </datafield>
    <datafield tag="936" ind1=" " ind2=" ">
      <subfield code="a">BATCHLOAD</subfield>
    </datafield>
  </record>